Maḥzor ha-tsomeaḥ ṿeha-ḥai be-Yiśraʼel. (Record no. 31417)

MARC details
000 -LEADER
fixed length control field 00782cam a22002531 4500
001 - CONTROL NUMBER
control field he 65001560
003 - CONTROL NUMBER IDENTIFIER
control field DLC
005 - DATE AND TIME OF LATEST TRANSACTION
control field 20260227111434.0
008 - FIXED-LENGTH DATA ELEMENTS--GENERAL INFORMATION
fixed length control field 840424s1965 is 000 0 heb
010 ## - LIBRARY OF CONGRESS CONTROL NUMBER
LC control number he 65001560
035 ## - SYSTEM CONTROL NUMBER
System control number (OCoLC)19140629
040 ## - CATALOGING SOURCE
Original cataloging agency DLC
Transcribing agency MH
Modifying agency DLC
042 ## - AUTHENTICATION CODE
Authentication code premarc
050 00 - LIBRARY OF CONGRESS CALL NUMBER
Classification number QH193.I8
Item number S65
100 1# - MAIN ENTRY--PERSONAL NAME
Personal name Smoly, Eliezer,
Dates associated with a name 1901-
245 10 - TITLE STATEMENT
Title Maḥzor ha-tsomeaḥ ṿeha-ḥai be-Yiśraʼel.
260 ## - PUBLICATION, DISTRIBUTION, ETC.
Place of publication, distribution, etc. Tel Aviv :
Name of publisher, distributor, etc. Masadah,
Date of publication, distribution, etc. [1965]
300 ## - PHYSICAL DESCRIPTION
Extent 2 v. (573, [2] p.) :
Other physical details ill. ;
Dimensions 23 cm.
500 ## - GENERAL NOTE
General note First published in 1947/48-52/53 under title: Maḥzor ha-tsomeaḥ ṿeha-ḥai be-Erets-Yiśraʼel.
650 #0 - SUBJECT ADDED ENTRY--TOPICAL TERM
Topical term or geographic name entry element Natural history
Geographic subdivision Israel.
650 #0 - SUBJECT ADDED ENTRY--TOPICAL TERM
Topical term or geographic name entry element Botany
Geographic subdivision Israel.
650 #0 - SUBJECT ADDED ENTRY--TOPICAL TERM
Topical term or geographic name entry element Zoology
Geographic subdivision Israel.
752 ## - ADDED ENTRY--HIERARCHICAL PLACE NAME
Country or larger entity Israel
City Tel Aviv

No items available.

Powered by Koha